000 00685cam a22002537a 4500
003 CHAP
005 20220817042149.0
008 971013s r 00010 d
010 _a36477
011 _a37449
035 _a41569
040 _cCHAP
090 _aFolleto 4648
110 _aMéxico. Dirección General de Agricultura
245 1 3 _aEl arado
260 _a(México, D.F.) :
_bLa Dirección,
_c(s.a.)
300 _a16 h.
_b; láms
590 _aBATCH-UPD
_b10
_c20130110
_lUCH01
_h1347
590 _aCONVERSION
_b10
_c20130109
_lUCH01
_h1320
650 1 4 _aArados.
_96417
901 _aBK
942 _cFOLL
949 _aFolleto 4648
_bBC
_cFOLL
_d-95226
_eTS1
_i41569
_mD
_si
999 _c36477
_d36477